000 00579nam a2200229Ia 4500
003 OSt
005 20220928132621.0
006 a|||||r|||| 00| 0
007 ta
008 220927b |||||||| |||| 00| 0 eng d
024 _a32251
037 _cTextual
040 _aSDCL
_cSDCL
_beng
041 _2eng
_aeng
082 _aQ225xG,1, N4
100 _aLilasuka
_9399745
245 0 _aKrsnakarnamrtam.
260 _aDelhi
_bNag Publisher
_c1994
300 _axxxviii,167p.
_ccm.
942 _hQ225xG,1, N4
_cTEXL
_2CC
999 _c795172
_d795172